Statistics for FC Barcelona Squad 2015-2016

Click here to take the quiz!

General Stats

  • This quiz has been taken 224 times
  • The average score is 16 of 25

Answer Stats

#PositionNationPlayer% Correct
10FWArgentinaLionel Messi
97%
9FWUruguayLuis Suárez
96%
1GKGermanyMarc-André ter Stegen
96%
11FWBrazilNeymar
94%
8MFSpainAndrés Iniesta
92%
3DFSpainGerard Piqué
90%
6DFBrazilDani Alves
88%
4MFCroatiaIvan Rakitić
88%
5MFSpainSergio Busquets
77%
18DFSpainJordi Alba
76%
13GKChileClaudio Bravo
74%
14DFArgentinaJavier Mascherano
70%
7FWTurkeyArda Turan
69%
-CoachSpainLuis Enrique
63%
12MFBrazilRafinha
50%
20MFSpainSergi Roberto
49%
23DFBelgiumThomas Vermaelen
46%
24DFFranceJérémy Mathieu
43%
21DFBrazilAdriano Correia
40%
17FWMoroccoMunir El Haddadi
39%
22DFSpainAleix Vidal
36%
25GKSpainJordi Masip
30%
2DFBrazilDouglas Pereira
27%
15DFSpainMarc Bartra
26%
19FWSpainSandro Ramírez
17%

Score Distribution

Percentile by Number Answered

Percent of People with Each Score

Your Score History

You have not taken this quiz